000 00410nam a2200145 i 4500
001 82314
003 ES-MaACL
005 20230906174643.0
007 t|
008 041108q1969 sp ||||1| spa d
245 0 0 _aIndustrias de la alimentación.
260 _a[Madrid] :
_bComisaría del Plan de Desarrollo Económico y Social,
_c[1969?]
300 _a543 p. ;
_c30 cm.
852 _aES-MaACL
_jC-41467
_bR.72885
999 _c82314
_d82314